|
|
|
|
| LEADER |
00000nam a2200000Ii 4500 |
| 001 |
DIGUCAUCA0068 |
| 003 |
NyNyDIG |
| 007 |
cr ||||||||||| |
| 008 |
210830s2017 ck ab ob 001 0dspa d |
| 006 |
m o d |
| 035 |
|
|
|a (OCoLC)1282641398
|
| 040 |
|
|
|a DGITA
|b eng
|e rda
|e pn
|c DGITA
|
| 020 |
|
|
|z 9789587322989
|
| 043 |
|
|
|a s-ck---
|
| 050 |
1 |
4 |
|a F2299.B55 ebook
|
| 082 |
1 |
4 |
|a 986.100496
|
| 100 |
1 |
|
|a Cortés Landázury, Raúl H.,
|e author.
|
| 245 |
1 |
0 |
|a Expectativas quebrantadas :
|b la cuestión afro y la discriminación racial en Colombia /
|c Raúl Cortés Landázury, Mónica Sinisterra Rodríguez, Ronald Alejandro Macuacé Otero.
|
| 264 |
|
1 |
|a Popayán, Colombia :
|b Editorial Universidad del Cauca,
|c [2017]
|
| 300 |
|
|
|a 1 online resource :
|b illustrations, maps.
|
| 336 |
|
|
|a text
|b txt
|2 rdacontent
|
| 337 |
|
|
|a computer
|b c
|2 rdamedia
|
| 338 |
|
|
|a online resource
|b cr
|2 rdacarrier
|
| 347 |
|
|
|a text file
|2 rdaft
|
| 347 |
|
|
|b PDF
|
| 504 |
|
|
|a Includes bibliographical references and index.
|
| 588 |
0 |
|
|a Online resource; title from PDF title page (Digitalia, viewed August 30, 2021)
|
| 650 |
|
0 |
|a Blacks
|z Colombia
|x Social conditions.
|
| 650 |
|
0 |
|a Blacks
|x Government policy
|z Colombia.
|
| 650 |
|
0 |
|a Race discrimination
|z Colombia.
|
| 651 |
|
0 |
|a Colombia
|x Race relations.
|
| 655 |
|
0 |
|a Electronic books.
|
| 700 |
1 |
|
|a Sinisterra Rodríguez, Mónica M.,
|e author.
|
| 700 |
1 |
|
|a Macuacé Otero, Ronald Alejandro,
|e author.
|
| 791 |
2 |
|
|a Digitalia (Firm),
|e distributor.
|
| 793 |
0 |
|
|g Digitalia eBook Collection:
|a Editorial Universidad del Cauca
|
| 776 |
0 |
8 |
|i Print version:
|a Cortés Landázury, Raúl H.
|t Expectativas quebrantadas.
|b Primera edición en español.
|d Popayán, Colombia : Editorial Universidad del Cauca, [2017]
|z 9789587322989
|w (OCoLC)1050448756
|
| 856 |
4 |
0 |
|3 Digitalia Hispánica
|u https://www.digitaliapublishing.com/a/82802/
|
| 910 |
|
|
|a Premium collection: 2021
|